| 000 | 01697nam0a2200373 4500 | ||
|---|---|---|---|
| 001 | RU\NLR\BIBL_A\022585273 | ||
| 005 | 20260420050835.0 | ||
| 010 |
_a978-5-00250-045-1 _94500 |
||
| 021 |
_aRU _bКН-П-25-029815 _9КН-П-25-2944 |
||
| 035 | _a(NLR Aleph) 022585273 | ||
| 090 |
_a13678068 _c13678068 |
||
| 100 | _a20250715d2025 c y0rusy50 ca | ||
| 101 | 0 | _arus | |
| 102 | _aRU | ||
| 105 | _aa z 000yy | ||
| 181 | 0 |
_ai3 _baxxe |
|
| 181 | 0 |
_ab2 _baxxe |
|
| 182 | 0 | _an | |
| 200 | 1 |
_aПтицы Камчатки и Командорских островов _eгде найти и как узнвть _e[для младшего школьного возраста] _fАнна Евсеева _gиллюстрации Полины Глуховой (pollyshg_art) |
|
| 203 |
_aТекст _bвизуальный _cнепосредственный |
||
| 210 |
_aМосква _cМИФ _d2025 |
||
| 215 |
_a95, [1] с. _cцв. ил. _d26 |
||
| 225 | 1 | _aСерия "Мой первый определитель" | |
| 333 | _a6+ | ||
| 606 | 1 |
_aПтицы _jИздания для детей _yКамчатка, полуостров (Северо-Восток Азиатской части РФ) _91132712 _3RU\NLR\AUTH\66449995 |
|
| 606 | 1 |
_aПтицы _jИздания для детей _yКомандорские острова (Берингово море) _91139587 _3RU\NLR\AUTH\66453473 |
|
| 686 | 0 |
_aШ9 _bЕ693.35 |
|
| 700 | 1 |
_aЕвсеева _bА. _gАнна |
|
| 702 | 1 |
_4040 _7ca _8rus _aГлухова _bП. _gПолина _92677569 _3RU\NLR\AUTH\770284507 |
|
| 942 | _cBOOK | ||
| 980 | _aNB | ||